Tank Drainage Flow of Viscous Fluid Through Circular Pipe with Uniform Reabsorption (Thesis MS) (Record no. 69074)

MARC details
000 -LEADER
fixed length control field 00423nam a22001217a 4500
100 ## - MAIN ENTRY--AUTHOR NAME
Personal name Ali Jan
-- 19-MSM-03
-- Supervisor - Dr. Kamran Nazir Memon
245 ## - TITLE STATEMENT
Title Tank Drainage Flow of Viscous Fluid Through Circular Pipe with Uniform Reabsorption (Thesis MS)
260 ## - PUBLICATION, DISTRIBUTION, ETC. (IMPRINT)
Place of publication Nawabshah
Name of publisher QUEST
Year of publication 2025
300 ## - PHYSICAL DESCRIPTION
Number of Pages 83p.
700 ## - ADDED ENTRY--PERSONAL NAME
Personal name Department of Mathematics and Statistics
942 ## - ADDED ENTRY ELEMENTS (KOHA)
Koha item type Thesis and Dissertation
Holdings
Withdrawn status Lost status Home library Current library Date acquired Accession Number Koha item type
    Research Section Research Section 29/06/2026 MP/101-1505 Thesis and Dissertation
    Research Section Research Section 29/06/2026 MP/101-1506 Thesis and Dissertation